000
00283nam a22001217a 4500
020
_a
0-592-02817-8
082
_a
621.3192 SMI'P
100
_a
SMITH, P. S
_9
78461
245
_a
50 PHOTOELECTRIC CIRCUITS AND SYSTEMS
260
_a
LONDON
_b
ILIFFE
_c
1972
300
_a
83P
942
_c
BK
999
_c
583577
_d
583577